000 00841nam a2200277Ia 4500
003 OSt
005 20221007103558.0
006 a|||||r|||| 00| 0
007 ta
008 221006b |||||||| |||| 00| 0 eng d
020 _a9024716513
024 _a13,521
037 _cTextual
040 _aLCO
_cLCO
_beng
041 _2eng
_aeng
082 _aZ58,916, L4
100 _aBarry Donald D. Ed.
_9705271
245 0 _aContemporary Soviet Law
_b Essays in honor of John N. Hazard
260 _aNetherlands
_bMartines Nijhoff
_c1974
300 _a242
650 _aContemporary Soviet Law
_9705272
700 _a Butler W.E. Ed.
_9660161
700 _a Ginsburgs George Ed.
_9705273
942 _hZ58,916, L4
_cTEXL
999 _c1183084
_d1183084